000 00440pab a2200169 454500
008 180718b1997 xxu||||| |||| 00| 0 eng d
100 _aBeenstock, Michael
245 _aThe demand for training by the unemployed: Israel 1989-91
260 _c1997
300 _ap.273-90
362 _aApr
650 _aUnemployment - Israel
650 _aTraining - Israel
650 _aTraining
773 _aOxford Economic Papers
909 _a34199
999 _c34199
_d34199